Business periodicals collection

Сохранить в:
Библиографические подробности
Формат:
Язык:Undetermined
Опубликовано: Ipswich, MA. Ebsco 2004
Предметы:
Метки: Добавить метку
Нет меток, Требуется 1-ая метка записи!
Thư viện lưu trữ: Trung tâm Học liệu Trường Đại học Cần Thơ
LEADER 00398nam a2200157Ia 4500
001 CTU_103510
008 210402s9999 xx 000 0 und d
082 |a 338 
082 |b B979/Dis.1 
245 0 |a Business periodicals collection 
260 |a Ipswich, MA. 
260 |b Ebsco 
260 |c 2004 
650 |a Business 
904 |i Truc 
980 |a Trung tâm Học liệu Trường Đại học Cần Thơ